Funkcional'nyje metody v zadačach sumirovanija slučajnych veličin

Na minha lista:
Detalhes bibliográficos
Autor principal: Buldygin, Valerij Vladimirovič
Outros Autores: Solncev, Sergej Aleksejevič
Formato: Livro
Idioma:russo
Publicado em: Kijev Naukova dumka 1989
Edição:1. izd.
Tags: Adicionar Tag
Sem tags, seja o primeiro a adicionar uma tag!

MARC

LEADER 00000nam a2200000 4500
001 c032034
005 20221215135414.6
041 0 |a rus 
044 |a UA 
245 1 0 |a Funkcional'nyje metody v zadačach sumirovanija slučajnych veličin  |c Valerij Vladimirovič Buldygin, Sergej Aleksejevič Solncev 
250 |a 1. izd. 
264 1 |a Kijev  |b Naukova dumka  |c 1989 
300 |a 186 s. 
100 1 |a Buldygin, Valerij Vladimirovič 
700 1 |a Solncev, Sergej Aleksejevič